Directorio de empresas 2009 / (Registro nro. 15418)

Detalles MARC
000 -CABECERA
campo de control de longitud fija 02074nam a2200301 a 4500
001 - NÚMERO DE CONTROL
campo de control 000030199
003 - IDENTIFICADOR DEL NÚMERO DE CONTROL
campo de control DO-SdBPM
005 - FECHA Y HORA DE LA ÚLTIMA TRANSACCIÓN
campo de control 20250922104257.0
007 - CAMPO FIJO DE DESCRIPCIÓN FÍSICA--INFORMACIÓN GENERAL
campo de control de longitud fija ta
008 - DATOS DE LONGITUD FIJA--INFORMACIÓN GENERAL
campo de control de longitud fija 110504s2009 dr a 000 0 spa d
040 ## - FUENTE DE LA CATALOGACIÓN
Centro catalogador/agencia de origen DO-SdBPM
Lengua de catalogación spa
Centro/agencia transcriptor BPMSU
Centro/agencia modificador rda
049 ## - FONDOS LOCALES (OCLC)
Fondos de biblioteca
082 #4 - NÚMERO DE LA CLASIFICACIÓN DECIMAL DEWEY
Número de clasificación R338.7
Número de documento/Ítem R426d 2009
Número de edición 22
100 ## - ENTRADA PRINCIPAL--NOMBRE DE PERSONA
Código de función/relación
110 1# - ENTRADA PRINCIPAL--NOMBRE DE ENTIDAD CORPORATIVA
Nombre de entidad corporativa o nombre de jurisdicción como elemento de entrada República Dominicana.
Unidad subordinada Oficina Nacional de Estadística
245 00 - MENCIÓN DE TÍTULO
Título Directorio de empresas 2009 /
Mención de responsabilidad, etc. presentación Pablo Tactuk
264 ## - PRODUCCIÓN, PUBLICACIÓN, DISTRIBUCIÓN, FABRICACIÓN Y COPYRIGHT
Producción, publicación, distribución, fabricación y copyright Santo Domingo :
Nombre del de productor, editor, distribuidor, fabricante ONE,
Fecha de producción, publicación, distribución, fabricación o copyright 2009.
300 ## - DESCRIPCIÓN FÍSICA
Extensión 70 páginas
Otras características físicas ilustraciones, gráficos, tablas ;
Dimensiones 28 cm.
336 ## - TIPO DE CONTENIDO
Término de tipo de contenido texto
Código de tipo de contenido txt
Fuente rdacontent
337 ## - TIPO DE MEDIO
Nombre/término del tipo de medio sin mediación
Código del tipo de medio n
Fuente rdamedia
338 ## - TIPO DE SOPORTE
Nombre/término del tipo de soporte volumen
Código del tipo de soporte nc
Fuente rdacarrier
505 0# - NOTA DE CONTENIDO CON FORMATO
Nota de contenido con formato Presentación 7 -- Resultados 19 -- Distribución de empresas registradas según sección y división de actividad. económica al año 2009 24 -- Distribución de empresas registradas, según provincia y municipio al año 2009 26 -- Total de empresas registradas por rango de ocupados, según sección de actividad económica al año 2009 30 -- Total de empresas registradas por provincia, según sección y división de actividad económica al año 2009 32 -- Total de empresas registradas por tamaño en función de ocupados, según provincia en la República Dominicana al año 2009 46 -- Total de empresas registradas en industria manufacturera por rango de ocupación , según divición, grupo y clase de actividad económica al año 2009 47 -- Total de empresas de zona franca registradas, según provincia al año 2009 55 -- Total de empresas registradas por municipio, según sección de actividad económica en la provincia de Santiago al año 2009 56 -- Total de empresas registradas por municipio, según sección de actividad económica en la provincia de Santo Domingo al año 2009 57 -- Anexos.
590 ## - NOTA LOCAL (RLIN)
Nota local Invetariados, 2025/VM
650 #7 - PUNTO DE ACCESO ADICIONAL DE MATERIA--TÉRMINO DE MATERIA
Término de materia o nombre geográfico como elemento de entrada Empresas
Subdivisión geográfica República Dominicana
Subdivisión de forma Directorios
650 #7 - PUNTO DE ACCESO ADICIONAL DE MATERIA--TÉRMINO DE MATERIA
Término de materia o nombre geográfico como elemento de entrada Manufacturas
Subdivisión geográfica República Dominicana
Subdivisión de forma Directorios
910 ## - DATOS DE OPCIÓN DEL USUARIO (OCLC)
Datos de opción del usuario VMateo V. Control de calidad. BPMSU
942 ## - ELEMENTOS DE PUNTO DE ACCESO ADICIONAL (KOHA)
Fuente del sistema de clasificación o colocación Dewey Decimal Classification
Tipo de ítem Koha Libros
Existencias
Estado de retiro Estado de pérdida Fuente del sistema de clasificación o colocación No para préstamo Código de colección Localización permanente Ubicación/localización actual Fecha de adquisición Total de préstamos Signatura topográfica completa Código de barras Fecha visto por última vez Precio válido a partir de Tipo de ítem Koha Número de copia
    Dewey Decimal Classification   Colección Dominicana Biblioteca Pública Metropolitana Salomé Ureña Biblioteca Pública Metropolitana Salomé Ureña 09/22/2025   BPMSU CDR R338.7 R426d 2009 BPMSU25090116 09/22/2025 09/22/2025 Libros  
    Dewey Decimal Classification   Colección Dominicana Biblioteca Pública Metropolitana Salomé Ureña Biblioteca Pública Metropolitana Salomé Ureña 09/22/2025   BPMSU CDR R338.7 R426d 2009 BPMSU25090117 09/22/2025 09/22/2025 Libros e.2
    Dewey Decimal Classification   Colección Dominicana Biblioteca Pública Metropolitana Salomé Ureña Biblioteca Pública Metropolitana Salomé Ureña 09/22/2025   BPMSU CDR R338.7 R426d 2009 BPMSU25090118 09/22/2025 09/22/2025 Libros e.3